000 00449nam a22001697a 4500
003 SGT
020 _a9788131754269
082 _a658.3,DES
100 _aDESSLER,GARY
245 _aHUMAN RESOURCE MANAGEMET
250 _a12TH
260 _aNEW DELHI
_bPEARSON
_c2013
300 _a736
650 _aHUMAN RESOURCE MANAGEMET
653 _aRECRUITMENT AND PLACEMENT,TRAINING AND DEVELOPMENT, COMPENSATION, EMPLOYEE RELATIONS,
942 _2ddc
_cFCM
_05
999 _c8867
_d8867